Boomer Shooters - Statistics

General Stats
  • This quiz has been taken 17 times
  • The average score is 21 of 101
Answer Stats
Answer % Correct
Doom
100%
Quake
90%
Blood
80%
Duke Nukem 3D
80%
Wolfenstein 3D
80%
Half-Life
70%
Heretic
70%
HeXen
70%
Unreal
70%
Unreal Tournament
70%
Doom II: Hell on Earth
60%
DUSK
60%
Quake II
60%
Quake III: Arena
60%
Doom (2016)
50%
Doom Eternal
50%
Doom 64
40%
Ion Fury
40%
Serious Sam: The First Encounter
40%
Serious Sam: The Second Encounter
40%
Shadow Warrior
40%
Turok: Dinosaur Hunter
40%
Amid Evil
30%
CULTIC
30%
Postal: Brain-Damaged
30%
Return to Castle Wolfenstein
30%
Star Wars: Dark Forces
30%
Warhammer 40,000: Boltgun
30%
Blake Stone: Aliens of Gold
20%
Blake Stone: Planet Strike
20%
Chex Quest
20%
Half-Life: Blue Shift
20%
Half-Life: Opposing Force
20%
HROT
20%
Mullet MadJack
20%
Nightmare Reaper
20%
Prodeus
20%
Project Warlock
20%
Redneck Rampage
20%
Rise of the Triad
20%
Selaco
20%
SiN
20%
SUPPLICE
20%
Turok 2: Seeds of Evil
20%
Turok 3: Shadow of Oblivion
20%
Viscerafest
20%
Witchaven
20%
Wizordum
20%
Anger Foot
10%
Beyond Sunset
10%
CHASM - The Rift
10%
Corridor 7
10%
Coven
10%
CRUEL
10%
Daikatana
10%
Forgive Me Father
10%
GRAVEN
10%
Hedon
10%
Killing Time
10%
Operation Body Count
10%
Powerslave Exhumed
10%
Strife
10%
WRATH: Aeon of Ruin
10%
Zortch
10%
Age of Hell
0%
Aliens Vs Predator (1999)
0%
Bears in Space
0%
Beyond Citadel
0%
Brutal Fate
0%
CARNAL
0%
Catechumen
0%
Chop Goblins
0%
Dead Trash
0%
Dimensional Slaughter
0%
Divine Frequency
0%
Dreadmoon
0%
Fortune's Run
0%
Ghostware: Arena of the Dead
0%
Hands of Necromancy
0%
Hellscreen
0%
Hellslinger
0%
INCISION
0%
Lycanthorn
0%
Lycanthorn II: Rain of Beasts
0%
Marathon
0%
Marathon 2: Durandal
0%
Marathon Infinity
0%
Outlaws
0%
PO'ed
0%
Project Absentia
0%
Red Faction
0%
REKKR: Sunken Land
0%
Relentless Frontier
0%
Serious Sam: Next Encounter
0%
Shrine
0%
Slayers X: Terminal Aftermath: Vengeance of the Slayer
0%
Soldier of Fortune
0%
Terminator: Future Shock
0%
Terminator: Skynet
0%
The Citadel
0%
Vomitoreum
0%
No matching quizzes found
Score Distribution
Percent of People with Each Score
Percentile by Number Answered
Your Score History
You have not taken this quiz